Statistics for Caribbean Countries and Territories

Click here to take the quiz!

General Stats

  • This quiz has been taken 43,005 times
  • The average score is 23 of 37

Answer Stats

What is it?Answer% Correct
Sovereign nationCuba
95%
Sovereign nationHaiti
93%
Sovereign nationDominica
93%
Sovereign nationJamaica
93%
Sovereign nationDominican Republic
90%
Sovereign nationBarbados
89%
Sovereign nationTrinidad and Tobago
88%
Sovereign nationSaint Kitts and Nevis
87%
Sovereign nationAntigua and Barbuda
86%
Sovereign nationSaint Lucia
85%
Sovereign nationSaint Vincent
and the Grenadines
82%
Sovereign nationGrenada
78%
U.S. TerritoryPuerto Rico
75%
Sovereign nationPanama
71%
Sovereign nationHonduras
70%
Sovereign nationBelize
70%
Sovereign nationCosta Rica
70%
Sovereign nationNicaragua
68%
U.S. TerritoryU.S. Virgin Islands
67%
British overseas territoryBritish Virgin Islands
67%
Sovereign nationGuatemala
66%
Sovereign nationMexico
65%
Sovereign nationVenezuela
58%
Dutch countryAruba
56%
Sovereign nationColombia
55%
French overseas collectiveSaint Martin
44%
Dutch countrySint Maarten
44%
Dutch countryCuraçao
43%
French overseas regionMartinique
40%
French overseas regionGuadeloupe
39%
British overseas territoryCayman Islands
33%
British overseas territoryMontserrat
28%
British overseas territoryAnguilla
24%
Dutch special municipalityBonaire
23%
French overseas collectiveSaint Barthélemy
18%
Dutch special municipalitySaba
12%
Dutch special municipalitySint Eustatius
9%

Score Distribution

Percentile by Number Answered

Percent of People with Each Score

Your Score History

You have not taken this quiz